Germany in Different Languages - Statistics

General Stats
  • This quiz has been taken 200 times
  • The average score is 10 of 14
Answer Stats
Germany In this Language % Correct
Deutschland German
96%
Германия Bulgarian, Russian
93%
독일 Korean
90%
Duitsland Dutch
87%
Allemagne French
87%
Alemania Spanish
76%
Germania Italian, Romanian, Greek
74%
ドイツ Japanese
74%
Németország Hungarian
73%
Tyskland Swedish, Danish, Norwegian
71%
Niemcy Polish
64%
Saksa Finnish
56%
nước Đức Vietnamese
55%
Vokietija Lithuanian
34%
No matching quizzes found
Score Distribution
Percent of People with Each Score
Percentile by Number Answered
Your Score History
You have not taken this quiz